Youngest Teams in College Football - Statistics

General Stats
  • This quiz has been taken 42 times
  • The average score is 12 of 25
Answer Stats
Games Played School % Correct
229 Coastal Carolina
73%
234 FIU
58%
253 Florida Atlantic
58%
660 Georgia Southern
58%
502 UCF
58%
142 Georgia State
54%
1,014 Bowling Green
50%
530 Liberty
50%
149 South Alabama
50%
297 South Florida
50%
1,006 Troy
50%
616 UNLV
50%
132 UTSA
50%
940 Ball State
46%
100 Charlotte
46%
336 UAB
46%
651 Boise State
42%
968 Buffalo
42%
965 Kent State
42%
938 Louisiana-Monroe
42%
903 East Carolina
38%
856 Houston
35%
146 Old Dominion
35%
864 Florida State
31%
770 Air Force
23%
No matching quizzes found
Score Distribution
Percent of People with Each Score
Percentile by Number Answered
Your Score History
You have not taken this quiz